000 00364nam a22001577a 4500
005 20160627094841.0
008 160627b xxu||||| |||| 00| 0 eng d
041 _aeng
082 _b10345
100 _aBatra, Promod and Vijay
_92849
245 _aProfitable Management
260 _bthink Inc
_c2004
300 _a132
650 _aManagement
_9241
942 _cBK
999 _c4118
_d4117